|
|
แสดงรายละเอียดบรรณานุกรม |
|
|
Brief Record
: Get Marc (ISO 2709)
: E-mail record
: |
|
|
| LEADER 00000nam 2200000uu 4500 | |||
| 001 211658 | |||
| 003 ULIBM | |||
| 008 020711s2559 th a 000 0 tha d | |||
| 020 9786164237216 | |||
| 041 ^atha | |||
| 060 4 WM420 อ388จ 2559 | |||
| 100 อรัญญา ตุ้ยคำภีร์ | |||
| 245 จิตบำบัดแนวความหมายในชีวิต=^bLogotherapy/^bอรัญญา ตุ้ยคำภีร์ | |||
| 246 31 ^aLogotherapy | |||
| 250 พิมพ์ครั้งที่ 4 | |||
| 260 กรุงเทพฯ :^bโรงพิมพ์แห่งจุฬาลงกรณ์มหาวิทยาลัย,^c2559 | |||
| 300 201 หน้า :^bภาพประกอบ ;^c30 ซม. | |||
| 650 4 จิตบำบัด | |||
| 710 2 ^aจุฬาลงกรณ์มหาวิทยาลัย. คณะจิตวิทยา | |||
| 856 ^zจิตบำบัด.pdf (สารบัญหนังสือ)^uhttp://110.164.94.213/ULIB62015//_fulltext/5/211658/20170724174153_616.pdf | |||
| 999 ^aใช้งานได้ทุกระบบ | |||
| คุณยังไม่ได้ล็อกอิน คุณสามารถมีกิจกรรมร่วมกับเว็บไซต์ได้ แต่ต้องล็อกอินก่อน :: |
|
| สถานะ | |||||||||
| 1. | การพยาบาล (ตำราหลัก) | WM420 อ388จ 2559 ฉ.1 | On Shelf ขอยืม | ||||||
| Note:ปีงบประมาณ 2560 | |||||||||
| 2. | การพยาบาล (ตำราหลัก) | WM420 อ388จ 2559 ฉ.2 | On Shelf ขอยืม | ||||||
| Note:ปีงบประมาณ 2560 | |||||||||
| 3. | การพยาบาล (ตำราหลัก) | WM420 อ388จ 2559 ฉ.3 | On Shelf ขอยืม | ||||||
| Note:ปีงบประมาณ 2560 | |||||||||
| 4. | การพยาบาล (ตำราหลัก) | WM420 อ388จ 2559 ฉ.4 | On Shelf ขอยืม | ||||||
| Note:ปีงบประมาณ 2560 | |||||||||
| 5. | การพยาบาล (ตำราหลัก) | WM420 อ388จ 2559 ฉ.5 | On Shelf ขอยืม | ||||||
| Note:ปีงบประมาณ 2560 | |||||||||
| [แสดง 5/5 รายการ] | |||||||||
BibComment |
| คอมเมนท์ทรัพยากรรายการนี้ |
|
|